| 000 | 00901cam a2200277 a 4500 | ||
|---|---|---|---|
| 001 | 000020057 | ||
| 005 | 20200929170239.0 | ||
| 008 | 760423s1965 sp 001 p spa d | ||
| 035 | _a(OCoLC)2135453 | ||
| 040 |
_aDO-SdBNP _cNcU _dOCoLC _dDLC |
||
| 082 |
_a861.6 _bS165p, 1965 |
||
| 100 | 1 |
_aSalinas, Pedro, _d1892-1951 _97966 |
|
| 245 | 1 | 0 |
_aPoemas escogidos / _cPedro Salinas ; edición prologada y dispuesta por Jorge Guillén. |
| 250 | _a3a ed. | ||
| 260 |
_aMadrid : _bEspasa-Calpe, _c1965. |
||
| 300 |
_a165 p. ; _c18 cm. |
||
| 490 | 0 |
_aAustral. Violeta: teatro y poesía _v1154 |
|
| 500 | _aIncluye índice de autores | ||
| 650 | 4 |
_aPoesía epañola _942624 |
|
| 650 | 4 |
_aLiteratura española _9632 |
|
| 700 | 1 |
_aGuillén, Jorge, _epról. _942625 |
|
| 830 | 0 |
_aAustral _pVioleta: teatro y poesía; _v1154 _939559 |
|
| 910 | _aCatalogación derivada / LC | ||
| 910 | _aWM | ||
| 049 | _aBNGR | ||
| 999 |
_c19565 _d19565 |
||